Evaluation of the Impact of Science and Technology on the Labour Market

Príčiny nezamestnanosti. Korelačné koeficienty a intervaly spoľahlivosti pre nezávislé premenné a miery zamestnanosti. Kolmogorov-Smirnov a Shapiro-Wilkov test miery zamestnanosti a nezávislých premenných. Korelačné koeficienty a intervaly spoľahlivosti pre nezávislé premenné a mesačné zárobky.

Saved in:
Bibliographic Details
Main Author: Jazdauskaite, Jorune
Other Authors: Přívarová, Magdaléna, 1955-, Baranskaite, Edita, Juscius, Vytautas, Kelemen-Henye, Nikoletta
Format: Book Chapter
Language:English
Subjects:
Tags: Add Tag
No Tags, Be the first to tag this record!

MARC

LEADER 00000naa a2200000 4500
001 0280896
005 20240502083859.5
041 0 |a eng 
044 |a UA 
245 1 0 |a Evaluation of the Impact of Science and Technology on the Labour Market  |c Jorune Jazdauskaite, Magdaléna Přívarová, Edita Baranskaite, Vytautas Juscius, Nikoletta Kelemen-Henye 
520 |a Príčiny nezamestnanosti. Korelačné koeficienty a intervaly spoľahlivosti pre nezávislé premenné a miery zamestnanosti. Kolmogorov-Smirnov a Shapiro-Wilkov test miery zamestnanosti a nezávislých premenných. Korelačné koeficienty a intervaly spoľahlivosti pre nezávislé premenné a mesačné zárobky. 
610 2 0 |a veda 
610 2 0 |a technika 
610 2 0 |a nezamestnanosť 
610 2 0 |a trh práce 
100 1 |a Jazdauskaite, Jorune 
700 1 |a Přívarová, Magdaléna, 1955- 
700 1 |a Baranskaite, Edita 
700 1 |a Juscius, Vytautas 
700 1 |a Kelemen-Henye, Nikoletta